Statistics for All Roxy Music Songs

Click here to take the quiz!

General Stats

  • This quiz has been taken 8 times
  • The average score is 17 of 85

Answer Stats

AlbumSong% Correct
Avalon (1982)Avalon
100%
Non-album tracksVirginia Plain
100%
Manifesto (1979)Dance Away
67%
For Your Pleasure (1973)Do the Strand
67%
Flesh and Blood (1980)Flesh and Blood
67%
For Your Pleasure (1973)For Your Pleasure
67%
Avalon (1982)India
67%
Roxy Music (1972)Ladytron
67%
Siren (1975)Love Is the Drug
67%
Avalon (1982)More than This
67%
Flesh and Blood (1980)Oh Yeah
67%
Roxy Music (1972)Re-make / Re-model
67%
Avalon (1982)Take a Chance with Me
67%
Avalon (1982)Tara
67%
Roxy Music (1972)The Bob (Medley)
67%
Roxy Music (1972)2 H.B.
33%
Country Life (1974)All I Want Is You
33%
For Your Pleasure (1973)Beauty Queen
33%
Siren (1975)Both Ends Burning
33%
For Your Pleasure (1973)Editions of You
33%
Siren (1975)End of the Line
33%
Roxy Music (1972)If There Is Something
33%
For Your Pleasure (1973)In Every Dream Home a Heartache
33%
Non-album tracksJealous Guy
33%
Manifesto (1979)Manifesto
33%
Non-album tracksPyjamarama
33%
Stranded (1973)Street Life
33%
For Your Pleasure (1973)Strictly Confidential
33%
For Your Pleasure (1973)The Bogus Man
33%
Avalon (1982)The Main Thing
33%
Avalon (1982)The Space Between
33%
Avalon (1982)To Turn You On
33%
Avalon (1982)True to Life
33%
Avalon (1982)While My Heart Is Still Beating
33%
Manifesto (1979)Ain't That So
0%
Non-album tracksAlways Unknowing
0%
Stranded (1973)Amazona
0%
Manifesto (1979)Angel Eyes
0%
Country Life (1974)A Really Good Time
0%
Stranded (1973)A Song for Europe
0%
Roxy Music (1972)Bitters End
0%
Country Life (1974)Bitter-Sweet
0%
Country Life (1974)Casanova
0%
Roxy Music (1972)Chance Meeting
0%
Siren (1975)Could It Happen to Me?
0%
Manifesto (1979)Cry, Cry, Cry
0%
Flesh and Blood (1980)Eight Miles High
0%
For Your Pleasure (1973)Grey Lagoons
0%
Non-album tracksHula Kula
0%
Country Life (1974)If It Takes All Night
0%
Siren (1975)Just Another High
0%
Stranded (1973)Just Like You
0%
Non-album tracksLover
0%
Stranded (1973)Mother of Pearl
0%
Manifesto (1979)My Little Girl
0%
Flesh and Blood (1980)My Only Love
0%
Siren (1975)Nightingale
0%
Flesh and Blood (1980)No Strange Delight
0%
Country Life (1974)Out of the Blue
0%
Flesh and Blood (1980)Over You
0%
Country Life (1974)Prairie Rose
0%
Stranded (1973)Psalm
0%
Flesh and Blood (1980)Rain Rain Rain
0%
Flesh and Blood (1980)Running Wild
0%
Flesh and Blood (1980)Same Old Scene
0%
Roxy Music (1972)Sea Breezes
0%
Siren (1975)Sentimental Fool
0%
Stranded (1973)Serenade
0%
Siren (1975)She Sells
0%
Non-album tracksSouth Downs
0%
Manifesto (1979)Spin Me Round
0%
Manifesto (1979)Still Falls the Rain
0%
Manifesto (1979)Stronger Through the Years
0%
Non-album tracksSultanesque
0%
Stranded (1973)Sunset
0%
Flesh and Blood (1980)The Midnight Hour
0%
Non-album tracksThe Numberer
0%
Non-album tracksThe Pride and the Pain
0%
Country Life (1974)The Thrill of It All
0%
Country Life (1974)Three and Nine
0%
Manifesto (1979)Trash
0%
Country Life (1974)Triptych
0%
Siren (1975)Whirlwind
0%
Roxy Music (1972)Would You Believe?
0%
Non-album tracksYour Application's Failed
0%

Score Distribution

Percentile by Number Answered

Percent of People with Each Score

Your Score History

You have not taken this quiz